Технический дискурс: концепции, технологии, этапы. Критическое мышление: учебно-методическое пособие

Bibliografske podrobnosti
Glavni avtor: Бакало Д. И. Дина Ивановна
Korporativna značnica: Национальный исследовательский Томский политехнический университет (ТПУ)
Izvleček:Пособие знакомит с инструментарием критического мышления, основными направлениями данного типа мышления, характеризующегося способностью к анализу и синтезу информации, принятию решений, инновациям, также рассматриваются технологии и этапы создания научно-технического текста, его структурные и композиционные характеристики. Предназначено для студентов старших курсов, бакалавров, магистрантов, аспирантов, а также для всех, кто интересуется проблемами обучения английскому языку в целях научно-технического общения.
Jezik:angleščina
Izdano: Томск, Изд-во ТПУ, 2010
Teme:
Format: Knjiga
KOHA link:https://koha.lib.tpu.ru/cgi-bin/koha/opac-detail.pl?biblionumber=193403

MARC

LEADER 00000nam0a2200000 4500
001 193403
005 20231101224501.0
035 |a (RuTPU)RU\TPU\book\210924 
090 |a 193403 
100 |a 20110323d2010 m y0rusy50 ca 
101 0 |a eng 
102 |a RU 
105 |a a j 001zy 
200 1 |a Технический дискурс: концепции, технологии, этапы. Критическое мышление  |d Technical communication: techniques, steps, concepts. Critical thinking  |e учебно-методическое пособие  |f Д. И. Бакало  |g Национальный исследовательский Томский политехнический университет (ТПУ) 
210 |a Томск  |c Изд-во ТПУ  |d 2010 
215 |a 108 с.  |c ил. 
320 |a Библиогр.: с. 107. 
330 |a Пособие знакомит с инструментарием критического мышления, основными направлениями данного типа мышления, характеризующегося способностью к анализу и синтезу информации, принятию решений, инновациям, также рассматриваются технологии и этапы создания научно-технического текста, его структурные и композиционные характеристики. Предназначено для студентов старших курсов, бакалавров, магистрантов, аспирантов, а также для всех, кто интересуется проблемами обучения английскому языку в целях научно-технического общения. 
452 1 |0 (RuTPU)RU\TPU\book\219305  |t Технический дискурс: концепции, технологии, этапы. Критическое мышление  |l Technical communication: techniques, steps, concepts. Critical thinking  |o учебно-методическое пособие  |f Д. И. Бакало  |g Национальный исследовательский Томский политехнический университет (ТПУ)  |c Томск  |n Изд-во ТПУ  |d 2010  |a Бакало, Дина Ивановна 
510 1 |a Technical communication: techniques, steps, concepts. Critical thinking  |z eng 
606 1 |a Английский язык  |x Учебные руководства и пособия  |x Пособия по развитию речи, разговорники  |2 stltpush  |3 (RuTPU)RU\TPU\subj\29074  |9 52486 
610 1 |a лексика 
610 1 |a лексико-грамматические навыки 
610 1 |a техническая лексика 
610 1 |a технический дискурс 
610 1 |a критическое мышление 
610 1 |a деловое общение 
610 1 |a профессиональный английский язык 
610 1 |a труды учёных ТПУ 
686 |a Ш143.21-923.4  |v LBC/SL-A  |2 rubbk 
700 1 |a Бакало  |b Д. И.  |c лингвист  |c доцент Томского политехнического университета, кандидат педагогических наук  |f 1976-  |g Дина Ивановна  |2 stltpush  |3 (RuTPU)RU\TPU\pers\28121 
712 0 2 |a Национальный исследовательский Томский политехнический университет (ТПУ)  |c (2009- )  |2 stltpush  |3 (RuTPU)RU\TPU\col\15902 
801 1 |a RU  |b 63413507  |c 20110323 
801 2 |a RU  |b 63413507  |c 20140211  |g RCR 
942 |c BK